banner-ar

الكاتب:مجلة الثقافة الانسانية(العدد الخامس عشر) / (Record no. 51193)

MARC details
000 -الفاتح
حقل البيانات ثابتة الطول 00472nam a2200145Ia 4500
008 - عناصر البيانات ثابتة الطول - معلومات عامة
حقل البيانات ثابتة الطول 140319s9999 xx 000 0 ara d
040 ## - مصدر الفهرسة
وكالة الفهرسة الأصلية GCL /
وكالة النسخ GCL
082 04 - رقم تصنيف ديوى العشرى
رقم التصنيف 805
رقم المادة أ ك
100 1# - المدخل الرئيسى - إسم شخصى
الإسم الشخصى احمد حمروش
245 10 - بيان العنوان
العنوان الكاتب:مجلة الثقافة الانسانية(العدد الخامس عشر) /
بيان المسئوليه,etc احمد حمروش
700 1# - المدخل الاضافى - اسم شخصى
الإسم الشخصى رافت الخياط
300 ## - الوصف المادى
التعداد 194 ص
490 ## - بيان السلسلة
عنوان السلسلة الهيئة العامة للاستعلامات
رقم المجلد/ التعيين التسلسلي 0
Holdings
حالة التراجع حالة الفقد حالة تلف ليس للاعارة المكان المؤقت الموقع الحالى تاريخ الاكتساب اجمالي اﻻعارات رقم الطلب الباركود تاريخ اخر مشاهدة تاريخ تفعيل السعر نوع وعاء كوها
        مكتبة القاهرة الكبرى مكتبة القاهرة الكبرى 03/26/2014   805\أ ك 122733 03/26/2014 03/26/2014 كتاب

Powered By

EGPV